| 000 | 00692nmc a2200265 a 4500 | ||
|---|---|---|---|
| 003 | AR-BaBNM | ||
| 005 | 20251128211133.0 | ||
| 008 | 112120s2002 ||||||||||||||000 | spa|| | ||
| 020 | _a950-12-6405-X | ||
| 040 | _cAR-BaBNM | ||
| 100 | 1 | _aGarcía Canclini, Néstor | |
| 245 | 1 | 0 | _aLatinoamericanos buscando lugar en este siglo |
| 250 | _a1ª ed. | ||
| 260 |
_aBuenos Aires _bPaidós _c2002 |
||
| 300 | 0 | _a116 p. | |
| 490 | 0 | _aEstado y Sociedad | |
| 504 | _aBibliografía en p. 109 | ||
| 650 | 4 | _aSOCIOLOGIA CULTURAL | |
| 650 | 4 | _aINDUSTRIA CULTURAL | |
| 650 | 4 | _aIDENTIDAD CULTURAL | |
| 651 | 4 | _aAmérica Latina | |
| 653 | 0 | _aGLOBALIZACION | |
| 942 | _cBK | ||
| 998 | _cAlicia | ||
| 999 |
_c18400 _d18400 |
||